00286nam a22001097a 4500020000800000040001600008082001800024100001500042245004300057260003600100300004000136 qPB. cFIZZA ISHAQ a620.0042bFAN aFane, Bill aAutoCAD 2014 for Dummies /cBill Fane. aNew York:b For Dummies,c2014. a528 p. ;c 7.5 x 1.25 x 9.25 inches